[Event "11th LCC FIDE Open 2019"]
[Site "London"]
[Date "2019.12.03"]
[Round "6.30"]
[White "Davis, Holden"]
[Black "Bukojemski, Adam"]
[Result "0-1"]
[WhiteElo "1840"]
[BlackElo "2219"]
[Annotator "TA"]
[PlyCount "104"]
[EventDate "2019.11.29"]
[EventType "swiss"]
[EventCountry "ENG"]
[SourceTitle "playchess.com"]
[Source "ChessBase"]
[SourceQuality "1"]

{[%evp 18,104,29,5,25,31,36,-19,-18,-23,-13,-28,-35,-30,-21,-76,-78,-61,-64,-71,-40,-46,-45,-49,-42,-50,-50,-55,-27,-34,-29,-8,0,0,-6,-108,-99,-114,-107,-116,-140,-122,-131,-153,-152,-160,-153,-156,-158,-154,-156,-246,-259,-241,-238,-246,-235,-215,-245,-255,-243,-317,-316,-371,-370,-357,-354,-500,-486,-463,-492,-630,-627,-645,-628,-603,-587,-627,-623,-800,-793,-901,-902,-1702,-1782,-1818,-1764,-2149,-2015]} 1. e4 c5 2. d4 cxd4 3. c3 dxc3 4. Nxc3 Nc6 5. Nf3 e6 6. Bc4 Nge7 7. Bg5 f6 8. Be3 Ng6 9. O-O a6 10. Nd4 (10. Bb3 {feels hotter.} Bb4 11. Rc1 O-O 12. Na4 Ba5 13. Nd4) 10... b5 {B21: Sicilian: 2 f4 and Morra Gambit} (10... Bb4 {is more complex.} 11. Rc1 O-O 12. Na4 Nce5 13. Bb3 b5) 11. Bb3 Nxd4 12. Bxd4 (12. Qxd4 $14 Bb7 13. Rfd1) 12... Bd6 $11 {The position is equal.} 13. g3 $146 ({Predecessor:} 13. Qg4 O-O 14. f4 Kh8 15. Ne2 Bb7 16. f5 Ne5 17. Qh4 Qe7 18. Kh1 Nc6 {Boulard,E (2505)-Van der Plassche,B (2540) ICCF corr 1992}) 13... Qe7 14. Rc1 Bb7 15. f4 O-O 16. Re1 (16. Qd3 $11) 16... Rac8 $17 17. Qe2 Rc7 18. Rcd1 Bc5 (18... Kh8 {keeps more tension.} 19. Be3 Rfc8 20. Qd3 Bb4 21. Rc1 Kg8) 19. Qf2 {White wants to play Bxc5.} Rfc8 20. Bxc5 Rxc5 21. Qd4 Nf8 22. a3 Qf7 23. Qd6 Qh5 24. Qb6 R8c7 25. f5 {[%cal Rf5e6]} R5c6 26. fxe6 (26. Qa7 $11 {keeps the balance.}) 26... dxe6 ({Not} 26... Rxb6 27. exd7+ Kh8 28. d8=Q $14) 27. Qd4 Qc5 28. Qxc5 Rxc5 29. Rd6 Kf7 30. Red1 Ke7 31. Kf2 Rd7 32. Rb6 {Rxd7+ is the strong threat.} Rxd1 33. Nxd1 {[#]} Bc8 $1 ({Resist} 33... Bxe4 34. Nc3 $17) 34. Nc3 (34. a4 $17 {was worth a try.}) 34... Kd7 $19 {And now ...Kc7 would win.} 35. a4 Kc7 36. a5 Rc6 37. Rxc6+ Kxc6 {[%mdl 4096] Endgame KBN-KBN} 38. Ke3 Kc5 39. Bc2 Nd7 40. e5 Nxe5 41. Ne4+ Kc6 42. b4 (42. Nd2 {is a better defense.}) 42... Ng4+ {Black is clearly winning.} 43. Ke2 Nxh2 44. Nc5 f5 45. Ke3 g5 46. Bd1 Kd6 47. Be2 Kd5 48. Kd3 e5 49. Bd1 e4+ 50. Kc3 g4 51. Bb3+ Ke5 52. Bg8 Nf1 {Accuracy: White = 35%, Black = 86%.} 0-1

[Event "11th LCC FIDE Open 2019"]
[Site "London"]
[Date "2019.12.03"]
[Round "6.31"]
[White "Manfay, Mate"]
[Black "Yoon, Jacob D"]
[Result "1/2-1/2"]
[WhiteElo "2197"]
[BlackElo "2037"]
[Annotator "ChessBase"]
[PlyCount "97"]
[EventDate "2019.11.29"]
[EventType "swiss"]
[EventCountry "ENG"]
[SourceTitle "playchess.com"]
[Source "ChessBase"]
[SourceQuality "1"]
[TimeControl "40/5400+30:1800+30"]

1. c4 {[%emt 0:12:22]} e6 {[%emt 0:00:17]} 2. Nf3 {[%emt 0:00:10]} d5 {[%emt 0:00:52]} 3. g3 {[%emt 0:00:06]} dxc4 {[%emt 0:00:05]} 4. Qa4+ {[%emt 0:00:21]} Nd7 {[%emt 0:00:23]} 5. Bg2 {[%emt 0:00:11]} a6 {[%emt 0:00:37]} 6. Qxc4 {[%emt 0:00:05]} b5 {[%emt 0:00:19]} 7. Qb3 {[%emt 0:00:18]} Rb8 {[%emt 0:01:42]} 8. d3 {[%emt 0:02:13]} Bb7 {[%emt 0:00:24]} 9. O-O {[%emt 0:00:09]} Ngf6 {[%emt 0:02:52]} 10. Rd1 {[%emt 0:03:41]} Bd6 {[%emt 0:03:58]} 11. Nc3 {[%emt 0:02:06]} O-O {[%emt 0:01:16]} 12. e4 {[%emt 0:02:20]} c5 {[%emt 0:02:40]} 13. a4 {[%emt 0:04:51]} Bc6 {[%emt 0:07:19]} 14. axb5 {[%emt 0:00:40]} axb5 {[%emt 0:00:19]} 15. Ra6 {[%emt 0:06:42]} Rb6 {[%emt 0:03:39]} 16. Rxb6 {[%emt 0:00:22]} Qxb6 {[%emt 0:00:36]} 17. Qc2 {[%emt 0:05:43]} Ne5 {[%emt 0:08:13]} 18. Nxe5 {[%emt 0:09:30]} Bxe5 {[%emt 0:00:54]} 19. Ne2 {[%emt 0:00:43]} Bd6 {[%emt 0:05:53]} 20. h3 {[%emt 0:06:08]} Bb7 {[%emt 0:14:17]} 21. Be3 {[%emt 0:00:15]} Rc8 {[%emt 0:04:14]} 22. Rc1 {[%emt 0:00:36]} h6 {[%emt 0:04:22]} 23. Nc3 {[%emt 0:10:01]} Nd7 {[%emt 0:09:39]} 24. f4 {[%emt 0:03:42]} Be7 {[%emt 0:04:20]} 25. Qb3 {[%emt 0:04:27]} c4 {[%emt 0:09:09]} 26. Bxb6 {[%emt 0:00:14]} cxb3 {[%emt 0:00:05]} 27. Be3 {[%emt 0:00:48]} b4 {[%emt 0:07:31]} 28. Ne2 {[%emt 0:00:05]} Rc2 {[%emt 0:00:37]} 29. Rxc2 {[%emt 0:08:50]} bxc2 {[%emt 0:00:09]} 30. Kf1 {[%emt 0:00:17]} Ba6 {[%emt 0:01:21]} 31. Nc1 {[%emt 0:00:19]} Bc5 {[%emt 0:03:11]} 32. Ke2 {[%emt 0:01:10]} Bxe3 {[%emt 0:01:13]} 33. Kxe3 {[%emt 0:00:04]} Nc5 {[%emt 0:00:05]} 34. Bf1 {[%emt 0:00:11]} Na4 {[%emt 0:03:08]} 35. Kd2 {[%emt 0:00:27]} Nxb2 {[%emt 0:00:29]} 36. Kxc2 {[%emt 0:00:19]} Na4 {[%emt 0:00:03]} 37. Kb3 {[%emt 0:00:51]} Nc5+ {[%emt 0:00:13]} 38. Kxb4 {[%emt 0:00:29]} Nxe4 {[%emt 0:00:04]} 39. dxe4 {[%emt 0:00:28]} Bxf1 {[%emt 0:00:04]} 40. h4 {[%emt 0:00:06]} g5 {[%emt 0:01:40]} 41. hxg5 {[%emt 0:30:58]} hxg5 {[%emt 0:06:42]} 42. Nb3 {[%emt 0:00:00]} gxf4 {[%emt 0:00:58]} 43. gxf4 {[%emt 0:00:00]} Bg2 {[%emt 0:00:05]} 44. Nc5 {[%emt 0:00:00]} Kg7 {[%emt 0:00:42]} 45. Kc4 {[%emt 0:00:00]} Kf6 {[%emt 0:06:51]} 46. Kd4 {[%emt 0:00:00]} Bf1 {[%emt 0:00:46]} 47. Nd7+ {[%emt 0:00:00]} Ke7 {[%emt 0:00:07]} 48. Ne5 {[%emt 0:00:00]} Bb5 {[%emt 0:01:09]} 49. Nf3 {[%emt 0:00:00]} 1/2-1/2

[Event "11th LCC FIDE Open 2019"]
[Site "London"]
[Date "2019.12.03"]
[Round "6.32"]
[White "Abrahams, Daniel"]
[Black "Dias, Savin"]
[Result "1/2-1/2"]
[WhiteElo "2185"]
[BlackElo "1916"]
[Annotator "ChessBase"]
[PlyCount "109"]
[EventDate "2019.11.29"]
[EventType "swiss"]
[EventCountry "ENG"]
[SourceTitle "playchess.com"]
[Source "ChessBase"]
[SourceQuality "1"]
[TimeControl "40/5400+30:1800+30"]

1. c4 {[%emt 0:00:00]} c5 {[%emt 0:00:00]} 2. g3 {[%emt 0:00:00]} g6 {[%emt 0:00:00]} 3. Bg2 {[%emt 0:00:01]} Bg7 {[%emt 0:00:00]} 4. Nc3 {[%emt 0:00:16]} Nc6 {[%emt 0:00:00]} 5. Nf3 {[%emt 0:00:40]} d6 {[%emt 0:00:09]} 6. O-O {[%emt 0:00:43]} e6 {[%emt 0:00:35]} 7. e3 {[%emt 0:01:14]} Nge7 {[%emt 0:00:13]} 8. d4 {[%emt 0:00:16]} O-O {[%emt 0:02:01]} 9. b3 {[%emt 0:05:00]} e5 {[%emt 0:04:40]} 10. dxc5 {[%emt 0:00:35]} dxc5 {[%emt 0:01:44]} 11. Bb2 {[%emt 0:01:20]} Bg4 {[%emt 0:04:52]} 12. Qb1 {[%emt 0:07:11]} Bf5 {[%emt 0:11:58]} 13. Ne4 {[%emt 0:04:38]} Bxe4 {[%emt 0:04:45]} 14. Qxe4 {[%emt 0:00:03]} f5 {[%emt 0:00:24]} 15. Qb1 {[%emt 0:05:49]} h6 {[%emt 0:01:33]} 16. Rd1 {[%emt 0:00:25]} Qc7 {[%emt 0:00:16]} 17. Ne1 {[%emt 0:01:25]} Rad8 {[%emt 0:02:49]} 18. Nd3 {[%emt 0:00:25]} b6 {[%emt 0:00:39]} 19. Qc2 {[%emt 0:00:16]} g5 {[%emt 0:08:40]} 20. f4 {[%emt 0:03:43]} e4 {[%emt 0:00:30]} 21. Bxg7 {[%emt 0:00:22]} Kxg7 {[%emt 0:00:30]} 22. Qb2+ {[%emt 0:00:31]} Kg6 {[%emt 0:00:41]} 23. Nf2 {[%emt 0:00:21]} gxf4 {[%emt 0:01:27]} 24. gxf4 {[%emt 0:00:06]} Kf7 {[%emt 0:01:23]} 25. Kh1 {[%emt 0:00:23]} Rxd1+ {[%emt 0:03:56]} 26. Rxd1 {[%emt 0:00:20]} Rd8 {[%emt 0:01:09]} 27. Rg1 {[%emt 0:01:24]} Rg8 {[%emt 0:00:21]} 28. Qe2 {[%emt 0:00:26]} Qd6 {[%emt 0:02:09]} 29. Bh3 {[%emt 0:08:32]} Rxg1+ {[%emt 0:00:47]} 30. Kxg1 {[%emt 0:00:08]} Kg7 {[%emt 0:01:28]} 31. Kf1 {[%emt 0:00:24]} Nb4 {[%emt 0:02:44]} 32. a3 {[%emt 0:01:43]} Nbc6 {[%emt 0:00:10]} 33. Qh5 {[%emt 0:00:43]} Qf6 {[%emt 0:01:43]} 34. Qd1 {[%emt 0:01:03]} Qc3 {[%emt 0:01:10]} 35. Qd7 {[%emt 0:00:16]} Qc1+ {[%emt 0:01:01]} 36. Nd1 {[%emt 0:02:01]} Qxa3 {[%emt 0:02:32]} 37. Bxf5 {[%emt 0:00:31]} Qxb3 {[%emt 0:00:31]} 38. Bxe4 {[%emt 0:00:19]} Qxc4+ {[%emt 0:00:10]} 39. Bd3 {[%emt 0:00:12]} Qd5 {[%emt 0:02:18]} 40. Qg4+ {[%emt 0:00:08]} Kf7 {[%emt 0:02:40]} 41. Nf2 {[%emt 0:30:20]} Nb4 {[%emt 0:42:17]} 42. Be4 {[%emt 0:05:29]} Qc4+ {[%emt 0:00:50]} 43. Kg2 {[%emt 0:00:07]} Nbd5 {[%emt 0:01:02]} 44. Qh5+ {[%emt 0:00:24]} Kg8 {[%emt 0:04:12]} 45. Qxh6 {[%emt 0:06:36]} Nxe3+ {[%emt 0:11:37]} 46. Kf3 {[%emt 0:01:17]} Nf1 {[%emt 0:03:10]} 47. Bh7+ {[%emt 0:04:41]} Kf7 {[%emt 0:00:16]} 48. Ne4 {[%emt 0:00:28]} Nxh2+ {[%emt 0:00:00]} 49. Qxh2 {[%emt 0:00:00]} Qd3+ {[%emt 0:00:00]} 50. Kg2 {[%emt 0:00:00]} Qe2+ {[%emt 0:00:00]} 51. Nf2 {[%emt 0:00:00]} Nd5 {[%emt 0:00:00]} 52. Bd3 {[%emt 0:00:00]} Ne3+ {[%emt 0:00:00]} 53. Kh1 {[%emt 0:00:00]} Qe1+ {[%emt 0:00:00]} 54. Qg1 {[%emt 0:00:00]} Qxg1+ {[%emt 0:00:00]} 55. Kxg1 {[%emt 0:00:00]} 1/2-1/2

[Event "11th LCC FIDE Open 2019"]
[Site "London"]
[Date "2019.12.03"]
[Round "6.33"]
[White "Grey, Nicholas D"]
[Black "Smith, Andrew P"]
[Result "0-1"]
[WhiteElo "1692"]
[BlackElo "2172"]
[Annotator "ChessBase"]
[PlyCount "44"]
[EventDate "2019.11.29"]
[EventType "swiss"]
[EventCountry "ENG"]
[SourceTitle "playchess.com"]
[Source "ChessBase"]
[SourceQuality "1"]
[TimeControl "40/5400+30:1800+30"]

1. e4 {[%emt 0:01:16]} e5 {[%emt 0:01:43]} 2. Nf3 {[%emt 0:00:32]} d6 {[%emt 0:00:07]} 3. d4 {[%emt 0:00:50]} Nd7 {[%emt 0:00:07]} 4. Bc4 {[%emt 0:01:16]} Qe7 {[%emt 0:00:55]} 5. Nc3 {[%emt 0:03:04]} c6 {[%emt 0:00:07]} 6. a4 {[%emt 0:20:50]} h6 {[%emt 0:04:30]} 7. O-O {[%emt 0:06:51]} g6 {[%emt 0:14:14]} 8. Re1 {[%emt 0:11:54]} Bg7 {[%emt 0:02:32]} 9. Be3 {[%emt 0:03:36]} Ngf6 {[%emt 0:00:40]} 10. dxe5 {[%emt 0:01:59]} dxe5 {[%emt 0:04:40]} 11. h3 {[%emt 0:04:34]} O-O {[%emt 0:05:40]} 12. Qd2 {[%emt 0:05:56]} Kh7 {[%emt 0:01:34]} 13. Rad1 {[%emt 0:04:18]} Nc5 {[%emt 0:03:10]} 14. Bd3 {[%emt 0:08:53]} Rd8 {[%emt 0:06:02]} 15. Qe2 {[%emt 0:02:04]} Nh5 {[%emt 0:02:32]} 16. Qf1 {[%emt 0:08:43]} Nf4 {[%emt 0:04:03]} 17. Rd2 {[%emt 0:02:18]} Nfxd3 {[%emt 0:07:48]} 18. cxd3 {[%emt 0:00:37]} b6 {[%emt 0:05:03]} 19. b4 {[%emt 0:02:08]} Nb3 {[%emt 0:01:32]} 20. Rb2 {[%emt 0:00:44]} Qxb4 {[%emt 0:01:03]} 21. Reb1 {[%emt 0:01:23]} Be6 {[%emt 0:05:11]} 22. Qe1 {[%emt 0:02:03]} Rxd3 {[%emt 0:05:12]} 0-1

[Event "11th LCC FIDE Open 2019"]
[Site "London"]
[Date "2019.12.03"]
[Round "6.34"]
[White "Ogunshola, Olugbemiga (Ben)"]
[Black "Royal, Shreyas"]
[Result "0-1"]
[WhiteElo "2169"]
[BlackElo "1941"]
[Annotator "ChessBase"]
[PlyCount "48"]
[EventDate "2019.11.29"]
[EventType "swiss"]
[EventCountry "ENG"]
[SourceTitle "playchess.com"]
[Source "ChessBase"]
[SourceQuality "1"]
[TimeControl "40/5400+30:1800+30"]

1. c4 {[%emt 0:02:32]} e6 {[%emt 0:00:26]} 2. Nf3 {[%emt 0:00:21]} d5 {[%emt 0:01:05]} 3. e3 {[%emt 0:04:45]} Nf6 {[%emt 0:03:13]} 4. b3 {[%emt 0:00:30]} Nbd7 {[%emt 0:05:24]} 5. Bb2 {[%emt 0:00:13]} Be7 {[%emt 0:01:41]} 6. Be2 {[%emt 0:01:41]} dxc4 {[%emt 0:01:10]} 7. bxc4 {[%emt 0:00:13]} b6 {[%emt 0:02:24]} 8. O-O {[%emt 0:10:16]} Bb7 {[%emt 0:02:13]} 9. Qc2 {[%emt 0:01:00]} O-O {[%emt 0:01:07]} 10. d3 {[%emt 0:02:44]} c5 {[%emt 0:08:35]} 11. Ne1 {[%emt 0:11:09]} Qc7 {[%emt 0:05:13]} 12. Nc3 {[%emt 0:01:50]} a6 {[%emt 0:00:38]} 13. f4 {[%emt 0:00:41]} e5 {[%emt 0:06:42]} 14. f5 {[%emt 0:00:50]} e4 {[%emt 0:00:06]} 15. dxe4 {[%emt 0:05:02]} Bd6 {[%emt 0:01:51]} 16. Nf3 {[%emt 0:03:50]} Ng4 {[%emt 0:01:24]} 17. e5 {[%emt 0:07:28]} Ndxe5 {[%emt 0:04:29]} 18. Nd5 {[%emt 0:06:45]} Bxd5 {[%emt 0:01:09]} 19. cxd5 {[%emt 0:04:46]} Nxe3 {[%emt 0:03:38]} 20. Qe4 {[%emt 0:09:19]} Nxf1 {[%emt 0:01:37]} 21. Nxe5 {[%emt 0:02:34]} Rfe8 {[%emt 0:01:47]} 22. f6 {[%emt 0:01:12]} Bxe5 {[%emt 0:01:28]} 23. Qg4 {[%emt 0:01:25]} g6 {[%emt 0:00:54]} 24. Bxe5 {[%emt 0:03:35]} Qxe5 {[%emt 0:00:11]} 0-1

[Event "11th LCC FIDE Open 2019"]
[Site "London"]
[Date "2019.12.03"]
[Round "6.35"]
[White "Flear, Christine"]
[Black "Zujev, Oleg"]
[Result "0-1"]
[WhiteElo "2035"]
[BlackElo "2316"]
[Annotator "TA"]
[PlyCount "90"]
[EventDate "2019.11.29"]
[EventType "swiss"]
[EventCountry "ENG"]
[SourceTitle "playchess.com"]
[Source "ChessBase"]
[SourceQuality "1"]

{[%evp 16,90,15,7,0,6,6,10,8,10,7,11,10,10,17,0,1,0,10,-6,12,-22,-15,-24,-16,-22,-23,-16,-6,-16,-16,-23,-27,-22,-15,-21,-23,-63,-63,-63,-29,-48,-39,-91,-91,-91,-91,-91,-87,-220,-204,-183,-137,-273,-234,-340,-330,-501,-493,-456,-466,-445,-427,-431,-323,-421,-414,-403,-393,-662,-649,-652,-648,-657,-650,-630,-599]} 1. d4 d6 2. c4 e5 3. Nc3 exd4 4. Qxd4 Nc6 5. Qd2 g6 6. b3 Bg7 7. Bb2 Nf6 8. e3 O-O 9. Nf3 Bf5 {A21: English Opening: 1...e5 2 Nc3} 10. Be2 a5 11. O-O Re8 {The position is equal.} 12. Rfd1 Ne4 13. Nxe4 Bxe4 14. Bxg7 $146 ({Predecessor:} 14. a3 Qe7 15. h3 Bxb2 16. Qxb2 Ne5 17. Nxe5 dxe5 {½-½ (34) Granero Roca,A (2397)-Arizmendi Martinez,J (2529) Linares 2015}) 14... Kxg7 15. a3 Qf6 16. Rac1 b6 17. Qc3 Ne5 {[%cal Re5f3]} 18. Nxe5 Rxe5 19. f4 Re7 20. Qxf6+ Kxf6 21. Kf2 Kg7 22. Bf3 f5 23. Bxe4 Rxe4 $11 {[%mdl 4096] Endgame KRR-KRR} 24. Rc3 Kf6 25. Rd2 h6 26. b4 axb4 27. axb4 Ke6 28. Rd4 Ra4 29. Rb3 ({White should play} 29. b5 $15) 29... Ra2+ $17 30. Kf3 Rxd4 31. exd4 {KR-KR} Rc2 32. c5 (32. Re3+ $17 Kd7 33. c5) 32... Rc4 ({Resist} 32... dxc5 33. Re3+ Kd5 34. dxc5 $17) 33. cxb6 cxb6 34. Ke3 (34. Re3+ $17 Kd5 35. Re7) 34... Kd5 35. g3 (35. Ke2 {was necessary.}) 35... b5 $19 (35... Rxd4 $2 36. Rb2 $17) 36. h3 (36. Rb2 $142) 36... Rxd4 37. Rb1 Re4+ 38. Kd3 Rc4 39. Rb2 Rc1 40. Rg2 Rh1 41. h4 h5 42. Kc3 $2 {[#]} (42. Rd2 Rg1 43. Ke2+ Ke6 44. Rd3) 42... Rc1+ {Black is clearly winning.} 43. Kb3 Rc4 44. Re2 Re4 45. Rg2 Re3+ {Accuracy: White = 23%, Black = 72%.} 0-1

[Event "11th LCC FIDE Open 2019"]
[Site "London"]
[Date "2019.12.03"]
[Round "6.36"]
[White "Nilssen, Ellen Fredericia"]
[Black "Rocco, Federico"]
[Result "1/2-1/2"]
[WhiteElo "2004"]
[BlackElo "2207"]
[Annotator "TA"]
[PlyCount "206"]
[EventDate "2019.11.29"]
[EventType "swiss"]
[EventCountry "ENG"]
[SourceTitle "playchess.com"]
[Source "ChessBase"]
[SourceQuality "1"]

{[%evp 21,206,32,29,17,25,17,19,8,36,14,9,18,29,17,8,8,18,6,6,0,12,-3,24,5,23,0,16,0,25,14,21,17,20,17,17,17,24,12,83,68,63,28,23,25,32,15,40,23,40,23,30,30,40,40,62,22,42,18,46,7,58,13,141,0,33,8,10,14,13,14,18,5,51,51,51,20,31,0,0,0,0,0,0,0,0,0,0,0,4,0,0,0,0,0,0,0,0,0,0,0,0,0,0,0,0,0,0,0,0,0,0,0,0,0,8,8,8,0,0,0,0,0,14,0,8,8,8,0,42,7,11,8,76,76,82,48,48,48,50,30,83,83,97,0,30,0,30,30,30,30,47,16,27,16,16,16,16,8,15,8,16,13,52,52,59,8,8,8,8,8,8,8,8,8,8,8,8,8,8,8,8,8,8,0,0,0,0]} 1. d4 Nf6 ({Predecessor:} 1... d5 2. c4 e6 3. Nc3 Nf6 4. cxd5 exd5 5. Bg5 c6 6. e3 Bd6 7. Bd3 O-O 8. Qc2 h6 9. Bh4 a5 10. Nf3 Re8 11. a3 Nbd7 12. O-O Nf8 {1-0 (49) Monus,Z (2135)-Fulop,C (2235) Nyiregyhaza 1996}) 2. c4 e6 3. Nf3 d5 4. Nc3 c6 5. cxd5 exd5 6. Bg5 Bd6 7. e3 Nbd7 8. Bd3 O-O 9. Qc2 h6 10. Bh4 Re8 11. O-O Nf8 12. Rab1 $146 {D36: Queen's Gambit Declined: Exchange Variation: Main line (5 Bg5 c6 6 Qc2)} (12. Rae1 Bg4 13. Nd2 Be6 14. f4 Be7 15. Nf3 Ne4 16. Bxe7 Qxe7 17. Bxe4 dxe4 18. Qxe4 Qb4 19. Qc2 Bc4 {1-0 (44) Bareev,E (2729)-Ljubojevic,L (2570) Monte Carlo 2003}) 12... a5 13. a3 Bg4 14. Nd2 Bd7 15. Bg3 Bxg3 16. hxg3 Ne6 17. b4 axb4 18. axb4 b6 19. Nf3 c5 20. bxc5 bxc5 21. dxc5 Qc7 22. Rfc1 {Threatens to win with Nb5.} Qxc5 23. Ne2 {[%cal Bc3e2,Be2d4,Bd4f3][%mdl 32]} Qa5 24. Qc3 Qd8 25. Ned4 Rc8 26. Qa3 Rxc1+ 27. Rxc1 Ng5 28. Nxg5 hxg5 29. Qa7 Ng4 (29... Qa8 $11 30. Qb6 Rc8 31. Rxc8+ Qxc8) 30. Nf3 Be6 31. Qd4 Qe7 32. Ra1 Rc8 33. Qb2 g6 34. Rc1 Re8 35. Qc3 Ra8 36. Ra1 Rc8 37. Qb2 Nh6 38. Rc1 Re8 39. Rb1 Bc8 40. Qb4 Qd8 (40... Qxb4 $11 41. Rxb4 g4) 41. Qb6 Qe7 {[#]} (41... Qxb6 $11 42. Rxb6 g4) 42. Qb4 (42. Bxg6 $1 $16 {[%mdl 512]} Ng4 (42... fxg6 43. Qxg6+) 43. Bd3) 42... Qf6 43. Qd4 (43. Qa4 {is more complex.} Rf8 44. Be2 Bf5 45. Ra1 Ng4 46. Rd1) 43... Qxd4 44. Nxd4 Kg7 45. Rb8 Rf8 46. Bb5 Ng4 47. Nf3 f6 48. Bc6 Be6 49. Rxf8 (49. Rb7+ {seems wilder.} Kh6 50. Nd4 Rc8 51. Kf1 Ne5 52. Rb6) 49... Kxf8 $14 {[%mdl 4096] Endgame KBN-KBN} 50. Nd4 Ke7 51. Kf1 Bf7 52. Ke2 Kd6 53. f4 gxf4 54. gxf4 Be6 55. Bb5 Bc8 56. Bd3 f5 57. Bb5 Nf6 58. Nf3 Kc5 59. Bd3 Bd7 60. Ne5 Be8 61. Nf3 Kb4 62. Kd2 Kb3 63. Nh4 Kb4 64. Nf3 Nd7 65. Bc2 Nc5 66. Nh4 Kc4 67. Nf3 Nb7 68. Ne5+ Kb4 69. g4 Nd6 70. gxf5 gxf5 71. Nf3 Bg6 72. Nd4 Nc4+ 73. Ke2 Nd6 74. Kd2 Kc4 75. Bd3+ Kc5 76. Kc3 Bh7 (76... Ne4+ $11 77. Kc2 Nd6) 77. Ne6+ $16 Kc6 78. Nf8 Bg8 79. Kd4 Bf7 80. Nh7 Be8 (80... Bg8 $11 {remains equal.} 81. Nf6 Be6) 81. Nf6 Bf7 82. Nh7 ({White should try} 82. Bc2 $16) 82... Bh5 83. Nf6 Bf3 84. Bc2 Nb5+ $1 85. Ke5 {Strongly threatening Ba4.} Kc5 86. Bxf5 {Black must now prevent Be6.} d4 $1 87. exd4+ Nxd4 88. Nd7+ Kc4 89. Be4 Bg4 90. Bd5+ Kc3 91. Nf6 Bc8 92. Ne4+ Kd3 93. Nc5+ (93. Nf2+ $14 Ke2 94. Kxd4 Kxf2 95. Ke4) 93... Ke3 $11 {The position is equal.} 94. Be4 Nf3+ 95. Bxf3 Kxf3 {KB-KN} 96. Nb3 Kg3 97. Nd4 Kg4 98. Nc6 Bd7 99. Ne7 Kf3 100. Ng6 Bc8 101. Nf8 Ke3 102. Ne6 Bxe6 103. Kxe6 {White wants to mate with f5.} Kxf4 {Accuracy: White = 38%, Black = 51%.} 1/2-1/2

[Event "11th LCC FIDE Open 2019"]
[Site "London"]
[Date "2019.12.03"]
[Round "6.37"]
[White "Ifalore, Michael"]
[Black "Hill, Alistair"]
[Result "0-1"]
[WhiteElo "2009"]
[BlackElo "2193"]
[Annotator "NA"]
[PlyCount "74"]
[EventDate "2019.11.29"]
[EventType "swiss"]
[EventCountry "ENG"]
[SourceTitle "playchess.com"]
[Source "ChessBase"]
[SourceQuality "1"]
[TimeControl "40/5400+30:1800+30"]

1. e4 {[%emt 0:00:00]} c5 {[%emt 0:04:56]} 2. Nf3 {[%emt 0:00:00]} e6 {[%emt 0:00:17]} 3. b3 {[%emt 0:00:00]} b6 {[%emt 0:00:04]} 4. Bb2 {[%emt 0:00:12]} Bb7 {[%emt 0:00:02]} 5. Bd3 {[%emt 0:00:16]} Nc6 {[%emt 0:04:54]} 6. c3 {[%emt 0:01:33]} d5 {[%emt 0:04:49]} 7. exd5 {[%emt 0:00:50]} Qxd5 {[%emt 0:03:27]} 8. Qe2 {[%emt 0:00:54]} Nf6 {[%emt 0:00:06]} 9. Na3 {[%emt 0:07:04]} Be7 {[%emt 0:03:34]} 10. Nb5 {[%emt 0:08:03]} Qd7 {[%emt 0:00:44]} 11. O-O {[%emt 0:04:22]} O-O {[%emt 0:00:32]} 12. Bc2 {[%emt 0:01:57]} a6 {[%emt 0:01:04]} 13. Na3 {[%emt 0:00:28]} b5 {[%emt 0:11:25]} 14. Rfd1 {[%emt 0:04:22]} Rfd8 {[%emt 0:02:07]} 15. Rac1 {[%emt 0:01:07]} Rac8 {[%emt 0:01:42]} 16. Bb1 {[%emt 0:00:27]} Qc7 {[%emt 0:04:26]} 17. c4 {[%emt 0:02:01]} b4 {[%emt 0:04:26]} 18. Nc2 {[%emt 0:01:00]} e5 {[%emt 0:08:56]} 19. Nxe5 {[%emt 0:03:57]} Bd6 {[%emt 0:00:01]} 20. Nxc6 {[%emt 0:02:59]} Bxh2+ {[%emt 0:02:00]} 21. Kh1 {[%emt 0:00:02]} Qxc6 {[%emt 0:02:00]} 22. Ne3 {[%emt 0:00:04]} Bb8 {[%emt 0:05:49]} 23. Rg1 {[%emt 0:05:38]} Ne4 {[%emt 0:02:13]} 24. Nf5 {[%emt 0:00:06]} Qc7 {[%emt 0:05:55]} 25. Nh6+ {[%emt 0:00:05]} gxh6 {[%emt 0:01:19]} 26. Qg4+ {[%emt 0:00:22]} Ng5 {[%emt 0:00:03]} 27. Qh4 {[%emt 0:01:26]} Rxd2 {[%emt 0:02:27]} 28. Bf6 {[%emt 0:02:44]} Rxf2 {[%emt 0:09:57]} 29. Bxg5 {[%emt 0:00:31]} Qh2+ {[%emt 0:00:14]} 30. Qxh2 {[%emt 0:00:11]} Bxh2 {[%emt 0:00:02]} 31. Kxh2 {[%emt 0:00:07]} hxg5 {[%emt 0:00:04]} 32. Kg3 {[%emt 0:00:07]} Rd2 {[%emt 0:00:55]} 33. Rce1 {[%emt 0:00:28]} Rcd8 {[%emt 0:04:03]} 34. Re5 {[%emt 0:00:33]} h6 {[%emt 0:00:04]} 35. Rxc5 {[%emt 0:01:10]} Re8 {[%emt 0:00:49]} 36. Rc7 {[%emt 0:00:40]} Re3+ {[%emt 0:00:26]} 37. Kh2 {[%emt 0:00:26]} g4 {[%emt 0:01:39]} 0-1